<?xml version="1.0" encoding="UTF-8"?>
<record
    xmlns:xsi="http://www.w3.org/2001/XMLSchema-instance"
    xsi:schemaLocation="http://www.loc.gov/MARC21/slim http://www.loc.gov/standards/marcxml/schema/MARC21slim.xsd"
    xmlns="http://www.loc.gov/MARC21/slim">

  <leader>06395cam a22004694i 4500</leader>
  <controlfield tag="003">PE-LiUPU</controlfield>
  <controlfield tag="005">20250731173357.0</controlfield>
  <controlfield tag="008">150706s2005    gau     r     000 0 eng d</controlfield>
  <datafield tag="020" ind1=" " ind2=" ">
    <subfield code="a">9781589831711</subfield>
  </datafield>
  <datafield tag="035" ind1=" " ind2=" ">
    <subfield code="a">(Sirsi) i9781589831711</subfield>
  </datafield>
  <datafield tag="040" ind1=" " ind2=" ">
    <subfield code="a">PE-LiUPU</subfield>
    <subfield code="b">spa</subfield>
    <subfield code="c">PE-LiUPU</subfield>
    <subfield code="e">rda</subfield>
  </datafield>
  <datafield tag="049" ind1=" " ind2=" ">
    <subfield code="a">PRUA</subfield>
  </datafield>
  <datafield tag="082" ind1="0" ind2="4">
    <subfield code="a">220.071</subfield>
    <subfield code="b">T2</subfield>
    <subfield code="2">21</subfield>
  </datafield>
  <datafield tag="245" ind1="0" ind2="0">
    <subfield code="a">Teaching the Bible :</subfield>
    <subfield code="b">practical strategies for classroom instruction /</subfield>
    <subfield code="c">edited by Mark Roncace and Patrick Gray.</subfield>
  </datafield>
  <datafield tag="264" ind1=" " ind2="1">
    <subfield code="a">Atlanta :</subfield>
    <subfield code="b">Society of Biblical Literature,</subfield>
    <subfield code="c">2005.</subfield>
  </datafield>
  <datafield tag="300" ind1=" " ind2=" ">
    <subfield code="a">440 p&#xE1;ginas ;</subfield>
    <subfield code="c">23 cent&#xED;metros</subfield>
  </datafield>
  <datafield tag="336" ind1=" " ind2=" ">
    <subfield code="a">text</subfield>
    <subfield code="2">rdacontent</subfield>
  </datafield>
  <datafield tag="337" ind1=" " ind2=" ">
    <subfield code="a">unmediated</subfield>
    <subfield code="2">rdamedia</subfield>
  </datafield>
  <datafield tag="338" ind1=" " ind2=" ">
    <subfield code="a">volume</subfield>
    <subfield code="2">rdacarrier</subfield>
  </datafield>
  <datafield tag="505" ind1="0" ind2=" ">
    <subfield code="a">Prolegomena -- Hermeneutics -- Visual Exegesis: An Introduction to Biblical Interpretation -- Guernica and the Art of Biblical Hermeneutics -- Interpretation and Interrogation -- Poetry and Exegesis -- Red Riding Hood and the Bible -- Teaching Hermeneutics through Creative Communal Praxis  -- Reading Inkblots -- Ancient Texts and Artifacts -- The Social Location of the Reader -- Social Location and Biblical Interpretation -- Methodologies -- Teaching Biblical Interpretation Methodologies -- Critical Methods: Historical Criticism -- Tom Lehrer and Historical Criticism -- Working with Primary Source Documents -- Historical Memory and Biblical Narrative -- Source Criticism and Eye-Witness Accounts -- Introducing Textual Criticism -- Textual Criticism -- Approaches and Resources -- Introducing the "Introduction to Biblical Literature" Course -- Introductory Exercise: Bone, Stone, Bible, Flag -- Introductory Site Visit: Finding Scripture in Stone -- The Counterfactual Essay -- Taking a Stand -- Short Stories as Exegetical Tools -- Palestinian Geography -- Archaeology of the Bible -- An Approach to a "Bible and Film" Course -- Hebrew Bible -- Torah -- Genesis 1 and Ancient Cosmology -- Genesis 1:1-3: Translation and Interpretation -- Introducing the Documentary Hypothesis Using Genesis 1-2 -- Two Creation Stories?: Drawing the Israelite Cosmos -- Teaching the Creation Stories in Genesis -- The Human Condition in Genesis 2-3 and in Blade Runner -- Cain and Abel: Intercanonical, Midrashic, and Artistic Comparison -- The Flood as Jigsaw Puzzle: Introducing Source Criticism -- The Three Worlds of the Bible: The Tower of Babel -- Genesis 1-11 as Myth -- Traditional Tales (Gen 12:10-20; 20:1-8; 26:6-11) -- Reading Hagar -- Prophets -- The Conquest of Canaan -- The Book of Joshua and Issues of War and Peace -- The Book of Joshua and Popular Culture -- The Book of Joshua and Bible Translation -- The Book of Joshua and Jewish Exegetical Traditions -- A Short Story of the Judges -- Ehud and Eglon: Dramatization -- The United Monarchy -- Who Decides What's in the Bible? The Case of 1 Samuel 11 -- Apology of David -- David's Rise to Power -- David at the Movies -- David and Goliath (1 Samuel 16-17): The Ideology of Biblical Popular Culture -- David and Bathsheba: A Case of Mis-Sent Power -- A Controversial King -- Patronage in 1 Kings 17 and 2 Kings 8 -- Writings -- Creative Writing and Interpreting Biblical Poetry -- Searching Through the Psalms -- Imagery and the Psalms -- Psalm 13 and Psalms of Lament -- Lament Psalms -- Lament and Praise, Top Forty and Psychology -- Imprecatory Psalms: Ancient and Modern -- Psalm 23 and Modern Worldviews -- Canonicity, Musical Polyphony, and the Book of Psalms -- Introduction to Wisdom Literature -- The Social Settings of Ancient and Modern Wisdom -- Sayings of the Wise (Guys): An Approach to the Book of Proverbs -- Varia -- Comparing Different Portrayals of God -- The Celebration and Commemoration of Jewish Holidays -- Diaspora and Identity -- Ancient Near Eastern Literature and the Bible: The Stela of King Mesha of Moab -- Ancient Near Eastern Parallels and Hip Hop Sampling -- New Testament -- The Gospels and Acts -- Gospel or Gospels? -- Inductive Discovery of the Synoptic Problem, Or, Catching the Plagiarists -- Who's On First? Tracking Gospel Relations -- The Synoptic Problem -- Comparing Synoptic Texts Using "Jesus Film" Clips -- One of These Things is Not Like the Others: Introducing the Four Gospels -- Bringing the Gospels into Conversation with One Another -- Letters -- Reading Other People's Mail -- The Letters and Historical Context -- Will the Real Paul Please Stand Up? -- Saint Paul? -- 224. Debating Pauline Theology -- Paul's Religious Experience: Conversion or Call?  -- Women's Ordination, the New Testament, and the Politics of Interpretation  -- Guide to a Happy Home -- Exploring Intertexture in the Letter to the Hebrews -- Revelation -- The Symbolism of the Apocalypse through Political Cartoons -- Symbolism in Revelation -- Ancient Apocalyptic and Its Contemporary Expressions -- Apocalyptic Literature and Testimonies of Suffering -- Teaching the Book of Revelation as a Screen Play -- Revelation and Pop Culture -- Pascal on Reading Revelation -- Introducing Revelation through the Visual Arts -- Varia -- The New Testament Canon: Unity and Diversity -- Journaling in Character -- One-Source Social History -- Women and Early Christianity -- The Importance of the Septuagint -- Greek Athletes and Athletic Analogies in the New Testament -- Notions of "the Messiah" within First-Century Judaism -- Use of a Lexicon and the Anchor Bible Dictionary -- Non-Canonical Writings -- The Origin and Source of Scripture.</subfield>
  </datafield>
  <datafield tag="526" ind1=" " ind2=" ">
    <subfield code="a">SEG42</subfield>
  </datafield>
  <datafield tag="526" ind1=" " ind2=" ">
    <subfield code="a">SEG41</subfield>
  </datafield>
  <datafield tag="526" ind1=" " ind2=" ">
    <subfield code="a">SEG40</subfield>
  </datafield>
  <datafield tag="526" ind1=" " ind2=" ">
    <subfield code="a">SEG39</subfield>
  </datafield>
  <datafield tag="526" ind1=" " ind2=" ">
    <subfield code="a">P94</subfield>
  </datafield>
  <datafield tag="526" ind1=" " ind2=" ">
    <subfield code="a">P87</subfield>
  </datafield>
  <datafield tag="526" ind1=" " ind2=" ">
    <subfield code="a">P86</subfield>
  </datafield>
  <datafield tag="526" ind1=" " ind2=" ">
    <subfield code="a">P85</subfield>
  </datafield>
  <datafield tag="526" ind1=" " ind2=" ">
    <subfield code="a">P77</subfield>
  </datafield>
  <datafield tag="526" ind1=" " ind2=" ">
    <subfield code="a">P76</subfield>
  </datafield>
  <datafield tag="526" ind1=" " ind2=" ">
    <subfield code="a">P35</subfield>
  </datafield>
  <datafield tag="541" ind1=" " ind2=" ">
    <subfield code="g">17214;</subfield>
  </datafield>
  <datafield tag="630" ind1=" " ind2=" ">
    <subfield code="a">Biblia.</subfield>
    <subfield code="p">A.T.</subfield>
    <subfield code="x">Estudio y ense&#xF1;anza.</subfield>
  </datafield>
  <datafield tag="630" ind1=" " ind2=" ">
    <subfield code="a">Biblia.</subfield>
    <subfield code="p">N.T.</subfield>
    <subfield code="x">Estudio y ense&#xF1;anza.</subfield>
  </datafield>
  <datafield tag="700" ind1="1" ind2=" ">
    <subfield code="a">Roncace, Mark y Gray, Patrick,</subfield>
    <subfield code="e">ed.</subfield>
  </datafield>
  <datafield tag="910" ind1=" " ind2=" ">
    <subfield code="a">gl</subfield>
    <subfield code="b">jv</subfield>
    <subfield code="c">lch</subfield>
    <subfield code="d">20101215</subfield>
  </datafield>
  <datafield tag="942" ind1=" " ind2=" ">
    <subfield code="2">ddc</subfield>
    <subfield code="c">BOOK</subfield>
  </datafield>
  <datafield tag="949" ind1=" " ind2=" ">
    <subfield code="a">220.071 T2</subfield>
    <subfield code="w">DEWEY</subfield>
    <subfield code="c">1</subfield>
    <subfield code="i">62402</subfield>
    <subfield code="d">2015-10-15</subfield>
    <subfield code="e">2015-10-7</subfield>
    <subfield code="l">CCODEBUL1</subfield>
    <subfield code="m">BUL</subfield>
    <subfield code="n">3</subfield>
    <subfield code="p">24.00</subfield>
    <subfield code="r">0</subfield>
    <subfield code="s">Y</subfield>
    <subfield code="t">BOOK</subfield>
    <subfield code="u">2015-7-6</subfield>
    <subfield code="x">TEOLOGIA</subfield>
    <subfield code="P">P35</subfield>
    <subfield code="0">COMPRA</subfield>
    <subfield code="o">.STAFF. Colecci&#xF3;n Teolog&#xED;a</subfield>
  </datafield>
  <datafield tag="994" ind1=" " ind2=" ">
    <subfield code="a">C0</subfield>
    <subfield code="b">PEPRU</subfield>
  </datafield>
  <datafield tag="596" ind1=" " ind2=" ">
    <subfield code="a">1</subfield>
  </datafield>
  <datafield tag="999" ind1=" " ind2=" ">
    <subfield code="a">220.071 T2</subfield>
    <subfield code="w">DEWEY</subfield>
    <subfield code="c">51431</subfield>
    <subfield code="i">62402</subfield>
    <subfield code="d">51431</subfield>
    <subfield code="e">2015-10-7</subfield>
    <subfield code="f">2021-11-9</subfield>
    <subfield code="g">5</subfield>
    <subfield code="l">CCODEBUL1</subfield>
    <subfield code="m">BUL</subfield>
    <subfield code="n">3</subfield>
    <subfield code="p">24.00</subfield>
    <subfield code="r">0</subfield>
    <subfield code="s">Y</subfield>
    <subfield code="t">BOOK</subfield>
    <subfield code="u">2015-7-6</subfield>
    <subfield code="x">TEOLOGIA</subfield>
    <subfield code="P">P35</subfield>
    <subfield code="0">COMPRA</subfield>
    <subfield code="o">.STAFF. Colecci&#xF3;n Teolog&#xED;a</subfield>
  </datafield>
  <datafield tag="980" ind1=" " ind2=" ">
    <subfield code="8">1</subfield>
    <subfield code="g">ALBERTO SANCHEZ Responsable de Automatizaci&#xF3;n</subfield>
  </datafield>
  <datafield tag="952" ind1=" " ind2=" ">
    <subfield code="r">2025-12-02 00:00:00</subfield>
    <subfield code="i">6</subfield>
    <subfield code="l">3</subfield>
    <subfield code="o">220.071 T2</subfield>
    <subfield code="p">62402</subfield>
    <subfield code="s">2015-10-07</subfield>
    <subfield code="t">e1</subfield>
    <subfield code="v">29.00</subfield>
    <subfield code="w">2015-07-06</subfield>
    <subfield code="x">FT</subfield>
    <subfield code="y">BK</subfield>
    <subfield code="z">inventario-2023-12-13</subfield>
    <subfield code="1">0</subfield>
    <subfield code="2">ddc</subfield>
    <subfield code="5">0</subfield>
    <subfield code="7">0</subfield>
    <subfield code="8">GEN</subfield>
    <subfield code="f">P35</subfield>
    <subfield code="a">BUL</subfield>
    <subfield code="b">BUL</subfield>
    <subfield code="c">GEN</subfield>
    <subfield code="d">2015-07-06</subfield>
    <subfield code="e">COMPRA</subfield>
    <subfield code="g">24.00</subfield>
  </datafield>
</record>
